Chansons de Lomepal - Mort Subite - Statistiques

Statistiques générales
  • Ce quiz a été pris 661 fois
  • Le résultat moyen est 10 sur 21
Answers on the Grid
Answers color-coded by a green-red scale on the quiz's grid according to % correct below.
Ray liotta
La vérité
Hit sale
Ma cousin
Paradis
Basique
Le miel et le vinaigre
Lucy
Pommade
50°C
Bon ordre
Mauvais ordre
1000°C
Drôle de question
X-men
Dave grohl
Majesté
Avion malaisien
Démons
Minuit
Avion
Montfermeil
Crescendo
Hasarder
à peu près
à moins que
La fête est finie
Yeux disent
Decrescendo
Sous le sol
Danse
70
 
Statistiques - réponses
Réponse % Correct
1000°C
79%
La vérité
68%
Decrescendo
62%
Yeux disent
62%
Ma cousin
59%
Mauvais ordre
56%
à peu près
54%
X-men
53%
Ray liotta
52%
Lucy
48%
Dave grohl
47%
Le miel et le vinaigre
45%
Pommade
44%
Montfermeil
41%
Hasarder
40%
70
38%
50°C
32%
Danse
31%
Majesté
29%
Avion
26%
Avion malaisien
23%
Aucun quiz correspondant
Distribution des résultats
% des personnes avec chaque résultat
Percentile par nombre de réponses
Votre historique - résultats
Vous n’avez pas pris ce quiz